000 00670nam a2200229Ia 4500
003 OSt
005 20230308151116.0
008 210210b2008 xxu||||| |||| 00| 0 eng d
020 _a9788125924012
040 _cAL
041 _aeng
082 _a332 MACI
100 _aMACHIRAJU (H R).
_974674
245 _aIndian financial system.
250 _a3
260 _aNew Delhi.
_bVikas Publishing House Pvt Ltd.,
_c2008
300 _axv,392
650 _a Banking Development, Investment, Merchant, Mutual,SEBI, Primary, Secondary, Foreign Investment, International, Capital | Banking
_974679
690 _aBanking
_974675
906 _a062820
942 _2ddc
_cBK
999 _c129845
_d129845